| 000 | 00840nam a2200265 a 4500 | ||
|---|---|---|---|
| 008 | |||
| 020 | _a9780521762472 (hardback) | ||
| 040 |
_aNUST _cNUST |
||
| 049 | _aMAIN | ||
| 090 |
_aHB172.5 _bDAV |
||
| 100 | 1 |
_aDavis, Morris A., _aauthor. |
|
| 245 | 1 | 0 |
_aMacroeconomics for MBAs and Masters of Finance/ _c Morris A Davis. |
| 260 |
_aCambridge : _bCambridge University Press, _c2009. |
||
| 300 |
_axx, 224 pages : _billustrations ; _c24 cm. |
||
| 336 |
_atext _btxt _2rdacontent |
||
| 337 |
_aunmediated _bn _2rdamedia |
||
| 338 |
_avolume _bnc _2rdacarrier |
||
| 500 | _aIncludes index. | ||
| 504 | _aIncludes bibliographical references. | ||
| 650 | 1 | _aMacroeconomics. | |
| 907 |
_a.b10401143 _b15-06-21 _c22-04-21 |
||
| 003 | |||
| 005 | 20240408121643.0 | ||
| 942 |
_cBOOKS _kHB172.5 _mDAV _01 |
||
| 999 |
_c168847 _d168847 |
||